000 01084cam a2200265 4500
001 ABS64020
008 000000n2001 000 0 eng u
035 _a(Sirsi) u112654
100 _aYoung, B
245 _aUrban regeneration: a top-down approach with a difference
260 _c2001
490 _aAxis
_v56(2) April-May 2001, 18-19(2)
520 _aDescribes the benefits of using of aerial imagery mapping for urban regeneration projects. Explains how aerial images can be linked to Geographical Information Systems (GIS) and combined with other mapped data to provide councils with a more detailed picture of regeneration areas. Aerial images are particulary useful for defining complex built-up areas, and for identifying neighbourhood assets such as open land, paths and green spaces.
590 _aABS
650 _aURBAN REGENERATION
650 _aMAPPING
650 _aLand use
_96251
650 _aHOUSING
650 _aPLANNING
650 _aAERIAL PHOTOGRAPHY
650 _aGIS
650 _aGIS
690 _aMAPPING AND MEASUREMENT
942 _n0
999 _c67054
_d67054